000 00256nam a22001217a 4500
008 170228b xxu||||| |||| 00| 0 eng d
041 _aeng
080 _a616.8-006
100 _a6
101 _aSHM
245 _aORAL CANCER
_cSILVERMAN, S
942 _2udc
_cBK
999 _c6434
_d6434